Cloudburst /

Na minha lista:
Detalhes bibliográficos
Outros Autores: Fricker, Brenda (Ator), Doucette, Ryan (Ator), Dukakis, Olympia (Ator), Fitzgerald, Thom (Diretor)
Formato: Slides
Idioma:inglês
holandês
Publicado em: [Netherland] : Homescreen, 2015
Tags: Adicionar Tag
Sem tags, seja o primeiro a adicionar uma tag!

MARC

LEADER 00000ngm a22000007i 4500
001 IT\ICCU\UBO\4188131
003 ItRI
005 20260124182910.0
008 160622s2015 ne |||||||||||||||k|||||c
028 4 2 |a 6370 
040 |b ita 
041 7 |a eng  |a dut  |2 ISO-639-2 
130 0 |a Cloudburst <film ; 2011>  |3 IT\ICCU\UBO\4188132 
245 0 0 |a Cloudburst /  |c written and directed by Thom Fitzgerald ; Olympia Dukakis , Ryan Doucette , Brenda Fricker. 
260 |a [Netherland] :  |b Homescreen,  |c 2015 
300 |a 1 DVD-Video (93 min) :  |b color., sonoro : 12 cm 
500 |a Titolo del contenitore 
500 |a Film del 2011, produzione: Stati Uniti 
500 |a Lingue: inglese; sottotitoli: olandese 
500 |a Caratteristiche tecniche: codice area: 2; formato video: PAL 16:9; audio Dolby Digital 5.1 
500 |a Film per tutti. 
700 1 |a Fricker, Brenda  |0 IT\ICCU\RAVV\089846  |4 act 
700 1 |a Doucette, Ryan  |0 IT\ICCU\UBOV\429963  |4 act 
700 1 |a Dukakis, Olympia  |0 IT\ICCU\UBOV\491073  |4 act 
700 1 |a Fitzgerald, Thom  |0 IT\ICCU\UBOV\679774  |4 drt 
942 |2 ddc  |c VM  |n 0 
952 |0 0  |1 0  |4 0  |6 VO_2178_000000000000000  |7 0  |9 27760  |a BO  |b BO  |d 2026-01-24  |i 17940  |l 0  |o VO 2178  |p BO17940  |r 2026-01-24 18:29:10  |w 2026-01-24  |x [Sebina 5] [1 dvd]  |y VM  |z 1 dvd 
999 |c 23531  |d 23531